000 00550nam a2200169 i 4500
001 52380
003 ES-MaACL
005 20230906162554.0
007 t|
008 030828s1908 sp ||||1| spa d
100 1 _aDaudevard de Ferussac, J.
_942805
245 1 0 _aDiario histórico de los sitios de Zaragoza /
_cpor J. Daudevard de Ferussac ; vertida al español por F.J.J.
260 _aZaragoza :
_bC. Gasca,
_c1908.
300 _aXI, 68 p. ;
_c21 cm.
651 4 _aZaragoza-
_xHistoria-
_y1808-1809, Sitio.
_9142068
852 _aES-MaACL
_jT-671-F-4
999 _c52380
_d52380